Adivina el capitulo de Los Simpson - Estadísticas

Estadísticas generales
  • Esta prueba ha sido intentada 37 veces
    20 desde el último reinicio
  • La puntuación promedio es 6 de 16
Estadísticas de respuestas
Imagen Hint Respuesta % Correcto
S8;E23 Homer's Enemy
68%
S6;E24 Lemon of Troy
53%
S5;E4 Rosebud
53%
S1;E1 Simpsons Roasting on an Open Fire
53%
S8;E6 A Milhouse Divided
47%
S9;E2 The Principal and The Pauper
47%
S5;E2 Cape Feare
42%
S3;E10 Flaming Moe's
42%
S3;E20 Colonel Homer
37%
S4;E1 Kamp Krusty
37%
S2;E19 Lisa's Substitute
37%
S4;E12 Marge vs. the Monorail
37%
S7;E8 Mother Simpson
37%
S1;E6 Moaning Lisa
26%
S4;E17 Last Exit to Springfield
16%
S2;E12 The Way We Was
11%
No se encontraron pruebas coincidentes
Distribución de puntuación
Porcentaje de gente con cada puntuación
Porcentaje por número respondido
Historial de tus puntuaciones
No has intentado esta prueba desde el último reinicio